00191nam a2200073Ia 4500008004100000245002200041260004500063260000900108170620s9999 xx 000 0 und d 0aTeacher Education bNew Delhi- A.P.H. Publishing corporation c2005